Right to clothing and the clothing crisis during the Bengal famine of 1943–44 (Record no. 533241)
[ view plain ]
| 000 -LEADER | |
|---|---|
| fixed length control field | 01152nam a22001337a 4500 |
| 008 - FIXED-LENGTH DATA ELEMENTS--GENERAL INFORMATION | |
| fixed length control field | 260430b ||||| |||| 00| 0 eng d |
| 100 ## - MAIN ENTRY--PERSONAL NAME | |
| Personal name | Matsumoto, Toru |
| 245 ## - TITLE STATEMENT | |
| Title | Right to clothing and the clothing crisis during the Bengal famine of 1943–44 |
| 260 ## - PUBLICATION, DISTRIBUTION, ETC. (IMPRINT) | |
| Place of publication, distribution, etc | Economic & Political Weekly |
| 300 ## - PHYSICAL DESCRIPTION | |
| Extent | 61(15), Apr 11, 2026: p.52-58 |
| 520 ## - SUMMARY, ETC. | |
| Summary, etc | Clothing is a basic need for human development. Although the right to clothing is recognised as a human right, violations have occurred. This historical study examines the possibility of future shortages by analysing a past clothing crisis. During World War II, British India faced the Bengal famine of 1943–44 and a parallel “cloth famine.” Starving homeless people were forced to remain half-naked during a relatively harsh winter. The crisis stemmed from military priorities in textiles, halted Japanese imports, and rising Indian exports, showing clothing scarcity can reappear in wartime conditions.-Reproduced https://www.epw.in/journal/2026/15/special-articles/right-clothing-and-clothing-crisis-during-bengal.html |
| 773 ## - HOST ITEM ENTRY | |
| Main entry heading | Economic & Political Weekly |
| 942 ## - ADDED ENTRY ELEMENTS (KOHA) | |
| Item type | Articles |
| Withdrawn status | Lost status | Source of classification or shelving scheme | Damaged status | Not for loan | Permanent location | Current location | Date acquired | Serial Enumeration / chronology | Barcode | Date last seen | Koha item type |
|---|---|---|---|---|---|---|---|---|---|---|---|
| Indian Institute of Public Administration | Indian Institute of Public Administration | 2026-04-30 | 61(15), Apr 11, 2026: p.52-58 | AR138752 | 2026-04-30 | Articles |
